000 01343nam0a2200325 4500
001 RU\NLR\bibl\1686405
005 20260405085700.0
010 _a978-5-7851-0737-3
021 _aRU
_b2010-68516
_94512
035 _a(nilc)RSL-KNO-004727984
035 _a(NLR Aleph) 001677571
090 _a1080699
_c1080699
100 _a20100906d2010 |||y0rusy50 ca
101 0 _arus
102 _aRU
105 _ay zzzz|||||
200 1 _aСухоложье: история, люди, судьбы
_f[под общ. ред. Л. Быкова]
210 _aЕкатеринбург
_cБанк культурной информации
_d2010
215 _a382, [1] с., [8] л. цв. фотографий
_cил., портр.
_d25
225 1 _aСерия "Города и веси Урала"
320 _aБиблиогр.: с. 378
607 _aСухой Лог, город (Свердловская область)
_xИстория
_92408271
_3RU\NLR\auth\661435089
686 _aД9(2Р36-4Св-2Сухой Лог)0,0
_2rubbk
686 _aТ3(2Р-4Св)0,02
702 1 _4340
_7ca
_8rus
_aБыков
_bЛ. П.
_cд-р филол. наук
_f1947-
_gЛеонид Петрович
_914587
_3RU\NLR\auth\7731577
801 0 _aRU
_bРГБ
_c20100906
_grcr
801 1 _aRU
_bРГБ
_c20100906
801 2 _aRU
_bNLR
_c20101014
_grcr
942 _cBOOK
980 _aNB